Statistics for CompTIA Server+ 3

Click here to take the quiz!

General Stats

  • This quiz has been taken 2 times
  • The average score is 9 of 22

Answer Stats

HintAnswer% Correct
IPInternet Protocol
100%
IPv6Internet Protocol Version 6
100%
LEDLight Emitting Diode
100%
LCDLiquid Crystal Display
100%
LANLocal Area Network
100%
HIPSHost Intrusion Prevention System
50%
IMAP4Internet Mail Access Protocol
50%
IPSECInternet Protocol Security
50%
JBODJust a bunch of disks
50%
KVMKeyboard-Video-Mouse
50%
LDAPLightweight Directory Access Protocol
50%
LCLocal Connector
50%
HVACHeating Ventilation and Air Conditioning
0%
HTTPHyper Text Transfer Protocol
0%
IOPSInput Output Operations per Second
0%
iDRACIntegrated Dell Remote Access Control
0%
ILOIntegrated Lights Out
0%
IPMIIntelligent Platform Management Interface
0%
Intel-VTIntel Virtualization Technology
0%
IISInternet Information Services
0%
iSCSIInternetworking Small Computer System Interface
0%
HTTPSSecure Hyper Text Transfer Protocol
0%

Score Distribution

Percentile by Number Answered

Percent of People with Each Score

Your Score History

You have not taken this quiz